[Event "EU-ch U20 Girls"]
[Site "Tallinn"]
[Date "1997.09.18"]
[Round "9"]
[White "Werner, Isabel"]
[Black "Trofimova, Olga"]
[Result "0-1"]
[WhiteElo "2220"]
[BlackElo "2335"]

1.e4 c5 2.c3 Nf6 3.e5 Nd5 4.d4 cxd4 5.Nf3 e6 6.cxd4 b6 7.Nc3 Nxc3 8.bxc3 Qc7
9.Bd2 d6 10.Bd3 Nd7 11.O-O dxe5 12.Ng5 Bb7 13.Qh5 g6 14.Qh3 Be7 15.Rae1 Bd5
16.f4 Bxa2 17.Qh6 Bc4 18.Be4 Bxf1 19.Bxa8 Bc4 20.Qg7 Rf8 21.Bc1 Bd3 22.Bb2 Qc4
23.dxe5 Qc5+ 24.Kh1 Qf2 25.Rd1 Qc2 26.Bf3 Be2  0-1

[Event "RUS-ch (Women)"]
[Site "Elista"]
[Date "1997.09.26"]
[Round "8"]
[White "Ruchieva, Natalia"]
[Black "Shumiakina, Tatiana"]
[Result "1-0"]
[WhiteElo "2260"]
[BlackElo "2385"]

1.e4 c5 2.c3 Nf6 3.e5 Nd5 4.d4 cxd4 5.Nf3 e6 6.cxd4 d6 7.Bc4 Nb6 8.Bb5+ Nc6
9.O-O dxe5 10.dxe5 Qxd1 11.Rxd1 Bd7 12.Nc3 a6 13.Be3 Nd5 14.Nxd5 exd5 15.Ba4 Nxe5
16.Bxd7+ Nxd7 17.Rxd5 Be7 18.Re1 Nf8 19.Bc5 Ne6 20.Nd4 Rd8 21.Rxd8+ Kxd8
22.Nxe6+ fxe6 23.Bd4 Rg8 24.Rxe6 Kd7 25.Re3 g6 26.Kf1 Bd6 27.Rf3 Ke6 28.Bc3 Rc8
29.h4 b5 30.a3 Rc4 31.h5 Rg4 32.hxg6 hxg6 33.Re3+ Kf7 34.f3 Rh4 35.Re4 Rh1+
36.Ke2 Rg1 37.Rg4 Bc5 38.Kd3 Rd1+ 39.Ke4 Rc1 40.Rf4+ Ke7 41.Kd5 Bd6 42.Re4+ Kd7
43.Bd4 Rh1 44.Rg4 Rh5+ 45.Ke4 g5 46.Be3 Be7 47.Kf5 Rh1 48.Rd4+ Kc6 49.Bxg5 Rh5
50.f4 Bc5 51.Rd2 Rh1 52.g4 Rf1 53.Bf6 b4 54.axb4 Be3 55.Rc2+ Kb5 56.Be5 Kxb4
57.Rg2  1-0

[Event "Budapest FS10 IM-B"]
[Site "Budapest"]
[Date "1997.10.05"]
[Round "1"]
[White "Becher, Helmut"]
[Black "Farago, Sandor"]
[Result "1-0"]
[WhiteElo "2255"]
[BlackElo "2330"]

1.e4 c5 2.c3 Nf6 3.e5 Nd5 4.d4 cxd4 5.Nf3 Nc6 6.Bc4 e6 7.cxd4 d6 8.O-O Be7
9.Bd2 O-O 10.Nc3 Nb6 11.Bb3 dxe5 12.dxe5 Nd4 13.Nxd4 Qxd4 14.Qe2 Bd7 15.Rad1 Qh4
16.f4 Bc6 17.f5 Bc5+ 18.Kh1 exf5 19.Rxf5 g6 20.Bg5 Qh5 21.Qxh5 gxh5 22.Bf6 h6
23.Rxh5 Be3 24.Rd3 Bf4 25.Rg3+  1-0

[Event "Makarska"]
[Site "Makarska"]
[Date "1997.10.06"]
[Round "4"]
[White "Degraeve, Jean Marc"]
[Black "Balinov, Ilija"]
[Result "0-1"]
[WhiteElo "2540"]
[BlackElo "2560"]

1.e4 c5 2.c3 Nf6 3.e5 Nd5 4.d4 cxd4 5.Nf3 e6 6.cxd4 b6 7.Nc3 Nxc3 8.bxc3 Qc7
9.Be2 Qxc3+ 10.Bd2 Qa3 11.Rc1 Ba6 12.Rc3 Qxa2 13.Qc1 Be7 14.Bxa6 Nxa6 15.Rc8+ Rxc8
16.Qxc8+ Bd8 17.O-O h6 18.Bc3 Qc2 19.Ra1 Nb4 20.Ne1 Qb3 21.Rxa7 O-O 22.Bxb4 Qxb4
23.Kf1 Bh4 24.Qxd7 Qc4+  0-1

[Event "ESP-ch"]
[Site "Torrevieja"]
[Date "1997.10.06"]
[Round "9"]
[White "Mellado Trivino, Juan"]
[Black "Sanchez Repullo, Daniel"]
[Result "1-0"]
[WhiteElo "2430"]
[BlackElo "2290"]

1.e4 c5 2.c3 Nf6 3.e5 Nd5 4.d4 cxd4 5.Nf3 Nc6 6.Bc4 Nb6 7.Bb3 d5 8.exd6 Qxd6
9.O-O Bf5 10.Nxd4 Nxd4 11.cxd4 e6 12.Nc3 Be7 13.Qf3 Qd7 14.Bf4 O-O 15.Rad1 Bf6
16.Rfe1 Rfd8 17.h3 Nd5 18.Nxd5 exd5 19.Bxd5 Qxd5 20.Re8+ Rxe8 21.Qxd5 Be4
22.Qb5 a6 23.Qb6 Re6 24.Qb3 g5 25.d5 Re7 26.Qg3 h6 27.h4 Kh7 28.hxg5 Bxb2
29.Qh4 Rd7 30.Be5  1-0

[Event "Budapest FS10 IM-A"]
[Site "Budapest"]
[Date "1997.10.13"]
[Round "9"]
[White "Afek, Yochanan"]
[Black "Ashley, Maurice"]
[Result "0-1"]
[WhiteElo "2380"]
[BlackElo "2445"]

1.e4 c5 2.c3 Nf6 3.e5 Nd5 4.Nf3 e6 5.d4 cxd4 6.cxd4 b6 7.Nc3 Nxc3 8.bxc3 Qc7
9.Bd2 Bb7 10.Bd3 d6 11.O-O Nd7 12.Re1 dxe5 13.Nxe5 Nxe5 14.Rxe5 Bd6 15.Rh5 g6
16.Rh4 O-O 17.Qg4 f5 18.Qe2 e5 19.dxe5 Bxe5 20.Bb5 Bd5 21.Re1 Bf6 22.Bc4 Rad8
23.Bxd5+ Rxd5 24.Rc4 Qf7 25.Bf4 Rd7 26.Qf1 Rfd8 27.Rc6 Rd3 28.c4 Bc3 29.Rc1 Qd7
30.Rc7 Qd4 31.g3 Bd2 32.Bxd2 Rxd2 33.Rxa7 Re8 34.c5 b5 35.Ra3 Ree2 36.Rf3 Qd5
37.c6 Qxf3 38.c7 Re8 39.c8=Q Rxc8 40.Rxc8+ Kf7 41.Rc7+ Kf6 42.Rc1 Rxa2 43.Rb1 Rd2
44.Qe1 Re2 45.Qf1 Rd2 46.Qe1 Re2 47.Qf1 Qe4 48.Qd1 Rd2 49.Qxd2 Qxb1+ 50.Kg2 Qe4+
51.f3 Qe5 52.Qd8+ Kg7 53.Qd7+ Kh6 54.Qd8 Qe2+ 55.Kh3 b4 56.Qh4+ Kg7 57.Qd4+ Kf7
58.Qxb4 g5 59.Qb1 Kg6 60.Qg1 Kh6 61.Qh1 Kh5 62.g4+ fxg4+ 63.Kg3 Qxf3+ 64.Qxf3 gxf3
65.Kxf3 Kh4 66.Kg2 Kg4 67.h3+ Kf4 68.Kf2 h6 69.Kg2 h5 70.h4 g4 71.Kh2 Kf3  0-1

[Event "Budapest FS10 IM-B"]
[Site "Budapest"]
[Date "1997.10.16"]
[Round "12"]
[White "Becher, Helmut"]
[Black "Allen, Andrew"]
[Result "0-1"]
[WhiteElo "2255"]
[BlackElo "2215"]

1.e4 c5 2.c3 Nf6 3.e5 Nd5 4.d4 cxd4 5.Nf3 e6 6.cxd4 b6 7.Nc3 Nxc3 8.bxc3 Qc7
9.Bd2 Bb7 10.Bd3 d6 11.O-O Nd7 12.Re1 dxe5 13.dxe5 Be7 14.Rc1 O-O-O 15.Qe2 Nc5
16.Nd4 Nxd3 17.Qxd3 h5 18.a4 h4 19.h3 Qd7 20.Qe2 Qd5 21.f3 Kb8 22.Kh1 Rc8
23.a5 Qxa5 24.Ra1 Qd5 25.Reb1 Rhd8 26.Ra4 Bc6 27.Rxa7 Kxa7 28.Ra1+ Kb8 29.Qa6 Bb7
30.Qa7+ Kc7 31.Be3 Ra8 32.Nxe6+ Qxe6  0-1

[Event "Owens Corning"]
[Site "Wrexham"]
[Date "1997.10.20"]
[Round "7"]
[White "Nielsen, Tommy"]
[Black "Van den Doel, Erik"]
[Result "0-1"]
[WhiteElo "2225"]
[BlackElo "2440"]

1.e4 c5 2.c3 Nf6 3.e5 Nd5 4.Nf3 Nc6 5.Bc4 Nb6 6.Be2 g6 7.d4 cxd4 8.cxd4 Bg7
9.Nc3 O-O 10.Bf4 d6 11.exd6 exd6 12.h3 Be6 13.O-O Nd5 14.Bg3 Nce7 15.Nxd5 Bxd5
16.Bh4 Qd7 17.Bxe7 Qxe7 18.Qd2 Rfe8 19.Rfe1 Qf6 20.Qa5 Be4 21.Qg5 Bc6 22.Qd2 Re7
23.d5 Bd7 24.Bd1 Rae8 25.Rxe7 Rxe7 26.Rc1 Bf5 27.b4 h6 28.Nh2 Qd4 29.Qxd4 Re1+
30.Nf1 Bxd4 31.g4 Bd3 32.Be2 Rxe2 33.Rd1 Rxf2 34.Rxd3 Rd2+ 35.Rxd4 Rxd4  0-1

[Event "Copa Itau Mercosul"]
[Site "Sao Paulo"]
[Date "1997.10.21"]
[Round "3"]
[White "Cajal, Andre"]
[Black "Milos, Gilberto"]
[Result "0-1"]
[WhiteElo "2180"]
[BlackElo "2590"]

1.e4 c5 2.c3 Nf6 3.e5 Nd5 4.g3 Nc6 5.Bg2 e6 6.Nf3 Be7 7.O-O O-O 8.Na3 b6
9.Nc2 Ba6 10.d3 d6 11.c4 Nc7 12.exd6 Qxd6 13.Re1 Rad8 14.Bf4 Qd7 15.Qe2 Bf6
16.Qe4 Bb7 17.Ne5 Bxe5 18.Bxe5 Ba8 19.Bxc7 Qxc7 20.Qe3 Rd6 21.Rad1 Rfd8 22.Rd2 R8d7
23.b4 Qd8 24.bxc5 Rxd3 25.Rxd3 Rxd3 26.Qe4 bxc5 27.Ne3 Rd4 28.Qf3 Qa5 29.Re2 Rd8
30.Qf4 Nd4 31.Rb2 Qe1+ 32.Bf1 e5 33.Qg4 Qc1  0-1

[Event "Copa Itau Mercosul"]
[Site "Sao Paulo"]
[Date "1997.10.24"]
[Round "6"]
[White "Hoffman, Alejandro"]
[Black "Giardelli, Sergio C"]
[Result "1-0"]
[WhiteElo "2465"]
[BlackElo "2430"]

1.e4 c5 2.c3 Nf6 3.e5 Nd5 4.d4 cxd4 5.Nf3 e6 6.cxd4 d6 7.a3 Bd7 8.Bd3 Qb6
9.Nc3 Nxc3 10.bxc3 Bc6 11.O-O Nd7 12.Rb1 Qc7 13.exd6 Bxd6 14.c4 Nf6 15.Re1 O-O
16.Bb2 Bxf3 17.Qxf3 Bxh2+ 18.Kh1 Qf4 19.Qh3  1-0

[Event "Mladi op"]
[Site "Litomysl"]
[Date "1997.10.26"]
[Round "7"]
[White "Klima, Lukas"]
[Black "Starostits, Ilmas"]
[Result "0-1"]
[WhiteElo "2270"]
[BlackElo "2315"]

1.e4 c5 2.c3 Nf6 3.e5 Nd5 4.d4 cxd4 5.Nf3 Nc6 6.Bc4 Nb6 7.Bb3 d5 8.exd6 Qxd6
9.Na3 a6 10.cxd4 e6 11.O-O Be7 12.Be3 Nb4 13.Ne5 O-O 14.Qf3 N4d5 15.Rad1 Bd7
16.Bc2 Rac8 17.Bb1 Bc6 18.Qh3 f5 19.g4 g6 20.Qh6 Bf6 21.Rfe1 Bg7 22.Qh4 Nf6
23.g5 Nfd5 24.Bc1 Bxe5 25.Rxe5 Nd7 26.Ree1 b5 27.Qg3 Qe7 28.Nc2 Ba8 29.Ne3 N7b6
30.Nxd5 Nxd5 31.Qe5 Rfe8 32.h4 Qb7 33.Qh2 a5 34.Rd2 e5 35.dxe5 Rc4 36.Rd3 Nb4
37.Rh3 Rxe5 38.Rd1 Rd4 39.Rf1 Re2 40.h5 Rg4+  0-1

[Event "RUS-Cup01 Chigorin mem"]
[Site "St Petersburg"]
[Date "1997.11.03"]
[Round "3"]
[White "Romanovich, Leonid"]
[Black "Vaulin, Alexander"]
[Result "1/2-1/2"]
[WhiteElo "2350"]
[BlackElo "2530"]

1.e4 c5 2.c3 Nf6 3.e5 Nd5 4.d4 cxd4 5.Qxd4 e6 6.Nf3 Nc6 7.Qe4 d6 8.Nbd2 dxe5
9.Nxe5 Nxe5 10.Qxe5 Qc7 11.Bb5+ Bd7 12.Bxd7+ Qxd7 13.Nf3 f6 14.Qe4 Bc5 15.O-O O-O
16.Bd2 Qc6 17.c4 Nb4 18.Qxc6 Nxc6 19.Bc3 Rfd8 20.Rfd1 Kf7 21.Kf1 e5 22.Ne1 Bd4
23.Bxd4 Nxd4 24.Rac1 Ke6 25.b3 g5 26.Rd2 Rd7 27.Rcd1 Rad8 28.Nd3 Kf5 29.Nb4 Ke6
30.Nd3 b6 31.Nb2 h5 32.Na4 g4 33.Nc3 h4 34.Ne2 Nc6 35.Rxd7 Rxd7 36.Rxd7 Kxd7
37.f3 gxf3 38.gxf3 Ke6 39.Kf2 f5 40.f4 Nb4 41.a3 Nc2 42.fxe5 Kxe5 43.Ng1 Nd4
44.b4 a5 45.c5 bxc5 46.bxa5 Kd5 47.Ke3 Kc6 48.a4 Kb7 49.Kd3 Ka6 50.Kc4 Kxa5  1/2-1/2

[Event "RUS-Cup01 Chigorin mem"]
[Site "St Petersburg"]
[Date "1997.11.07"]
[Round "7"]
[White "Sveshnikov, Evgeny"]
[Black "Novgorodskij, Vladimir"]
[Result "1/2-1/2"]
[WhiteElo "2570"]
[BlackElo "2390"]

1.e4 c5 2.c3 Nf6 3.e5 Nd5 4.Nf3 Nc6 5.Bc4 Nb6 6.Bb3 d5 7.exd6 Qxd6 8.Na3 a6
9.O-O Bf5 10.d4 cxd4 11.Nxd4 Nxd4 12.cxd4 e6 13.Qf3 Qd7 14.Re1 Be7 15.Bg5 Bxg5
16.Qxf5 Be7 17.Qe4 Rd8 18.d5 Nxd5 19.Rad1 O-O 20.Rxd5  1/2-1/2

[Event "AUT-chT2O 9798"]
[Site "Austria"]
[Date "1997.11.08"]
[Round "2"]
[White "Wadsack, Winfried"]
[Black "Wallner, Alfred"]
[Result "1/2-1/2"]
[WhiteElo "2185"]
[BlackElo "2215"]

1.e4 c5 2.c3 Nf6 3.e5 Nd5 4.d4 cxd4 5.Nf3 e6 6.cxd4 b6 7.a3 Be7 8.Bd3 Ba6
9.O-O O-O 10.Re1 Bxd3 11.Qxd3 Nc6 12.Nc3 Nxc3 13.bxc3 h6 14.a4 d5 15.exd6 Bxd6
16.Bb2 Be7 17.Rad1 Rc8 18.Ne5 Nxe5 19.Rxe5 Bf6 20.Rh5 Qc7 21.a5 Rfd8 22.axb6 axb6  1/2-1/2

[Event "RUS-Cup01 Chigorin mem"]
[Site "St Petersburg"]
[Date "1997.11.08"]
[Round "8"]
[White "Sveshnikov, Evgeny"]
[Black "Sakaev, Konstantin"]
[Result "1/2-1/2"]
[WhiteElo "2570"]
[BlackElo "2590"]

1.e4 c5 2.c3 Nf6 3.e5 Nd5 4.Nf3 Nc6 5.Bc4 Nb6 6.Bb3 c4 7.Bc2 Qc7 8.Qe2 g5
9.e6 dxe6 10.Nxg5 Qe5 11.Ne4 f5 12.Ng3 Qxe2+ 13.Nxe2 Bg7 14.Na3 O-O 15.O-O Bd7
16.Rb1 Rac8 17.b3 cxb3 18.axb3 e5 19.f3 a5 20.Re1 Nd5 21.Ng3 Rcd8 22.Bd3 e6
23.Ra1 Nf4 24.Bf1 h5 25.Nc4 h4 26.Nh1 Rf6 27.Nf2 Rg6 28.Kh1 Kh7 29.d4 Nxg2
30.Bxg2 exd4 31.Nh3 dxc3 32.Ng5+ Kg8 33.f4 Nd4 34.Rb1 Bc6 35.Nxa5 Bxg2+ 36.Kxg2 Ra8
37.b4 b6 38.Nc4 Ra2+ 39.Kh3 b5 40.Ne5 Bxe5 41.Rxe5 c2 42.Rb2 Ra1 43.Rc5 Rxg5
44.fxg5 Rxc1 45.Kxh4 Rg1 46.Rbxc2 Nf3+ 47.Kh5 Rxg5+ 48.Kh6 Kf7 49.Rf2 Rg6+
50.Kh5 Rg5+  1/2-1/2

[Event "Bayern-chI Bank Hofmann"]
[Site "Bad Wiessee"]
[Date "1997.11.15"]
[Round "1"]
[White "Rodemann, Edmund"]
[Black "Rogozenko, Dorin"]
[Result "0-1"]
[WhiteElo "2075"]
[BlackElo "2490"]

1.e4 c5 2.c3 Nf6 3.e5 Nd5 4.d4 cxd4 5.Nf3 Nc6 6.Bc4 Nb6 7.Bb3 d5 8.exd6 Qxd6
9.O-O Be6 10.Na3 dxc3 11.Nb5 Qxd1 12.Rxd1 Rc8 13.Bxe6 fxe6 14.Nxc3 g6 15.Re1 Bg7
16.Rxe6 O-O 17.Re4 Rfd8 18.Bd2 Rd3 19.Re3 Rd7 20.Be1 Rcd8 21.Rb1 Nc4 22.Re2 e5
23.Ne4 Nd4 24.Nxd4 exd4 25.Nd2 Nxb2 26.Ne4 Na4 27.Rb3 Nc3  0-1

[Event "DEN-chT 9798"]
[Site "Denmark"]
[Date "1997.11.15"]
[Round "2"]
[White "Ochsner, Thomas"]
[Black "Andersen, Dan"]
[Result "1/2-1/2"]
[WhiteElo "2300"]
[BlackElo "2265"]

1.e4 c5 2.c3 Nf6 3.e5 Nd5 4.Nf3 e6 5.d4 cxd4 6.cxd4 b6 7.Bd3 Bb7 8.O-O Be7
9.Qe2 O-O 10.Rd1 Nc6 11.Nc3 Nxc3 12.bxc3 Na5 13.c4 d5 14.exd6 Qxd6 15.Ne5 Nc6
16.Bf4 Nxe5 17.Bxe5 Qd7 18.Bxh7+ Kxh7 19.Qh5+ Kg8 20.Bxg7 f5 21.Rd3 Bd6 22.Bh6 Qh7
23.Rh3 Rf7 24.Qg5+ Kh8 25.Bg7+ Rxg7 26.Rxh7+ Kxh7 27.Qh5+ Kg8 28.f3 Ba6 29.Rc1 Bf4
30.Rc3 Rd8 31.d5 Be5 32.Rc1 exd5 33.cxd5 Rxd5 34.Qe8+ Kh7 35.Qh5+ Kg8 36.Qe8+ Kh7
37.Qh5+ Kg8 38.Qe8+ Kh7  1/2-1/2

[Event "Bayern-chI Bank Hofmann"]
[Site "Bad Wiessee"]
[Date "1997.11.20"]
[Round "6"]
[White "Kranzl, Peter"]
[Black "Rogozenko, Dorin"]
[Result "0-1"]
[WhiteElo "2265"]
[BlackElo "2490"]

1.e4 c5 2.c3 Nf6 3.e5 Nd5 4.d4 cxd4 5.Qxd4 e6 6.Nf3 Nc6 7.Qe4 f5 8.Qe2 Qc7
9.g3 d6 10.exd6 Bxd6 11.Bg2 O-O 12.O-O Nf6 13.Nbd2 e5 14.Nc4 e4 15.Ng5 h6
16.Nxd6 Qxd6 17.Qc4+ Qd5 18.Qxd5+ Nxd5 19.Nh3 Ne5 20.Nf4 Nxf4 21.Bxf4 Nd3
22.Bd6 Re8 23.b3 Bd7 24.Rfd1 Re6 25.Bf4 Bc6 26.Be3 g5 27.Bd4 Kh7 28.Bf1 Ne5
29.Bxe5 Rxe5 30.Rd6 f4 31.Rad1 Kg7 32.Bc4 e3 33.fxe3 fxg3 34.hxg3 Rxe3 35.Rf1 Rxg3+
36.Kh2 Rg2+ 37.Kh3 g4+ 38.Kh4 Rf8 39.Re1 Rf3  0-1

[Event "AUT-chT3 9798"]
[Site "Vorarlberg "]
[Date "1997.11.21"]
[Round "4"]
[White "Kanonier, Klemens"]
[Black "Goeldi, Hans"]
[Result "1-0"]
[WhiteElo "2004"]
[BlackElo "1825"]

1.e4 c5 2.c3 Nf6 3.e5 Nd5 4.d4 cxd4 5.cxd4 d6 6.f4 Nc6 7.Nf3 e6 8.Nc3 dxe5
9.fxe5 Qa5 10.Bd2 Bb4 11.Rc1 Bxc3 12.bxc3 Qd8 13.Bd3 h6 14.O-O Bd7 15.Rb1 Qc7
16.Qe2 Nce7 17.Rfc1 Bc6 18.Ne1 g5 19.g3 Qd7 20.Nc2 Rg8 21.c4 Nf4 22.gxf4 gxf4+
23.Kf1 Rg2 24.Qxg2 Bxg2+ 25.Kxg2 Nc6 26.Bxf4 Nxd4 27.Be4 Ne2 28.Rf1 Nxf4+
29.Rxf4 Qd2+ 30.Kf3 Qxh2 31.Rxb7 Qh1+ 32.Kf2 Qh2+ 33.Ke3 Qg1+ 34.Rf2 Qg3+
35.Rf3 Qg5+ 36.Kf2 Qh4+ 37.Ke3 Qg5+ 38.Rf4 Qg3+ 39.Bf3 Qg1+ 40.Kd3 Qf1+ 41.Kc3 Qh3
42.Rfxf7 Rb8 43.Rbe7+ Kd8 44.Nd4 Rb6 45.Rxa7  1-0

[Event "Oberliga Wuert9798"]
[Site "Wuerttemberg"]
[Date "1997.11.30"]
[Round "4"]
[White "Rabl, Joerg Stefan"]
[Black "Gritsch, Gabriel"]
[Result "1/2-1/2"]
[WhiteElo "2225"]
[BlackElo "2050"]

1.e4 c5 2.c3 Nf6 3.e5 Nd5 4.d4 cxd4 5.Qxd4 e6 6.Bc4 Nc6 7.Qe4 Nb6 8.Bb3 Be7
9.Nf3 f5 10.Qe2 O-O 11.h4 Rb8 12.Bg5 Na5 13.Bc2 Nd5 14.Na3 Bxg5 15.hxg5 Nf4
16.Qd2 Ng6 17.Qd6 Nc6 18.Bb3 Qa5 19.Nc4 Qb5 20.Nd4 Nxd4 21.cxd4 Ra8 22.O-O-O a5
23.Ne3 Ra6  1/2-1/2

[Event "AUT-chT2S 9798"]
[Site "Austria"]
[Date "1997.12.06"]
[Round "5"]
[White "Schigan, Manfred"]
[Black "Scheck, Rudolf"]
[Result "1/2-1/2"]
[WhiteElo "2290"]
[BlackElo "2180"]

1.e4 c5 2.c3 Nf6 3.e5 Nd5 4.d4 cxd4 5.Nf3 Nc6 6.cxd4 d6 7.Be2 e6 8.O-O Be7
9.Re1 O-O 10.exd6 Qxd6 11.Nc3 b6 12.Ne4 Qd8 13.Bd2 Bb7 14.Rc1 Rc8 15.Qa4 a6
16.Qb3 Nf6 17.Ng3 Nxd4 18.Nxd4 Qxd4 19.Be3 Qd5 20.Qxd5 Nxd5 21.Bf3 b5 22.Bd4 Rxc1
23.Rxc1 Rc8 24.Rxc8+ Bxc8 25.Ne4 f5 26.Nc5 Nb4 27.a3 Nc2 28.Nb3 Nxd4 29.Nxd4 Kf8
30.Nc2 Bf6 31.b3 Ke7 32.Kf1 Kd6 33.Ke2 e5 34.Kd2 e4 35.Be2 Be6 36.a4 Bxb3
37.axb5 a5 38.Ne3 g6 39.Nc4+ Bxc4 40.Bxc4 g5  1/2-1/2

[Event "AUT-chT2O 9798"]
[Site "Austria"]
[Date "1997.12.08"]
[Round "6"]
[White "Woeber, Friedrich"]
[Black "Pfeiffer, Gregor"]
[Result "0-1"]
[WhiteElo "2195"]
[BlackElo "2135"]

1.e4 c5 2.c3 Nf6 3.e5 Nd5 4.d4 cxd4 5.Nf3 Nc6 6.Bc4 Nb6 7.Bb3 d6 8.exd6 Qxd6
9.Na3 a6 10.O-O Bf5 11.Nxd4 Nxd4 12.cxd4 e6 13.Qf3 Qd7 14.Re1 Be7 15.Be3 O-O
16.Rad1 Nd5 17.Nc4 Rfd8 18.Ne5 Qe8 19.g4 Bg6 20.Nxg6 hxg6 21.Rc1 b5 22.Rc2 Nb4
23.Rd2 Qc6 24.Qxc6 Nxc6 25.d5 Ne5 26.Kg2 Bb4 27.dxe6 Bxd2 28.Bxd2 Rxd2 29.Rxe5 fxe6
30.Rxe6 Kh7 31.g5 Rf8 32.Rxa6 Rfxf2+ 33.Kg3 Rg2+ 34.Kf4 Rd4+ 35.Ke3 Rh4 36.Ra8 Rxg5
37.Bg8+ Kh6 38.Re8 Rf5 39.Be6 Re5+ 40.Kf3 Kg5 41.Bd7 Rxe8 42.Bxe8 b4 43.Kg3 Rd4
44.Bb5 Rd2 45.b3 Rxa2 46.h3 Rc2  0-1

[Event "CZE-chT 9798"]
[Site "CZE"]
[Date "1997.12.14"]
[Round "4"]
[White "Salai, Ladislav"]
[Black "Kalod, Radek"]
[Result "1/2-1/2"]
[WhiteElo "2440"]
[BlackElo "2450"]

1.e4 c5 2.c3 Nf6 3.e5 Nd5 4.d4 cxd4 5.Nf3 Nc6 6.Bc4 Nb6 7.Bb3 d5 8.exd6 Qxd6
9.Na3 dxc3 10.Qe2 Bf5 11.bxc3 e6 12.Nb5 Qd7 13.Nfd4 Nxd4 14.Nxd4 Be7 15.Nxf5 exf5
16.O-O O-O 17.Rd1 Qc7 18.Bf4 Qxf4 19.Qxe7 Qe4 20.Re1 Qc6 21.Rad1 Rac8 22.a4 Nxa4
23.Bd5 Qc5 24.c4 Nc3 25.Bxf7+ Kh8 26.Qxc5 Rxc5 27.Rd7 b5 28.cxb5 Nxb5 29.g3  1/2-1/2

[Event "Karpov GM"]
[Site "Singapore"]
[Date "1997.12.21"]
[Round "8"]
[White "Handoko, Edhi"]
[Black "Suradiradja, Herman"]
[Result "1-0"]
[WhiteElo "2470"]
[BlackElo "2250"]

1.e4 c5 2.c3 Nf6 3.e5 Nd5 4.d4 cxd4 5.Nf3 Nc6 6.Bc4 Nb6 7.Bb3 d5 8.exd6 Qxd6
9.O-O d3 10.Na3 Bf5 11.Nb5 Qd8 12.Bf4 Rc8 13.Re1 e6 14.Nbd4 Nxd4 15.Nxd4 Be7
16.Nxf5 exf5 17.Bg5 Rc7 18.Re3 O-O 19.Rxd3 Rd7 20.Rxd7 Nxd7 21.Bxe7 Qxe7
22.Qf3 Qe4 23.Bd5 Qc2 24.Bb3 Qxb2 25.Rd1 Nc5 26.Bxf7+ Kxf7 27.Qxf5+ Kg8 28.Qd5+ Ne6
29.Qxe6+ Kh8 30.Qf7 Qa3 31.Qb3 Qc5 32.Rd4 h6 33.h3 b6 34.Qc2 Qe5 35.Qd2 Qf5
36.Rd7 Rf7 37.Rd5 Qf6 38.a4 Rf8 39.Qe3 Qc6 40.Qd4 Qg6 41.Rd6 Qg5 42.g3 Kg8
43.Rd7 a5 44.c4 Qf6 45.Qxf6 Rxf6 46.Rc7 Rd6 47.c5 bxc5 48.Rxc5 Ra6 49.f4 Kf7
50.Kf2 Kf6 51.Kf3 Ke6 52.Ke4 Kf6 53.g4 Ra8 54.Kd4 Rb8 55.Rb5 Rd8+ 56.Kc4 Re8
57.Rf5+ Kg6 58.Kb5 Ra8 59.Kb6 Kh7 60.Rxa5 Rb8+ 61.Kc5 Rb3 62.Rb5 Rxh3 63.a5 Ra3
64.Kb6 Ra4 65.a6 Rxf4 66.a7 Rf8 67.Kb7 Rf7+ 68.Ka6 Rf6+ 69.Rb6 Rf8 70.Rb8  1-0

[Event "Raiffeisen op-A 6th"]
[Site "Aschach"]
[Date "1997.12.30"]
[Round "6"]
[White "Kranzl, Peter"]
[Black "Stanec, Nikolaus"]
[Result "0-1"]
[WhiteElo "2265"]
[BlackElo "2465"]

1.e4 c5 2.c3 Nf6 3.e5 Nd5 4.d4 cxd4 5.Qxd4 e6 6.Nf3 Nc6 7.Qe4 f5 8.Qe2 Qc7
9.g3 b5 10.Bg2 a5 11.O-O Ba6 12.Re1 Bc5 13.Nbd2 O-O 14.Nb3 Bb6 15.Nbd4 b4
16.Nb5 Bxb5 17.Qxb5 bxc3 18.bxc3 Nxc3 19.Qc4 Ne4 20.Be3 Rac8 21.Rad1 Bxe3
22.Rxe3 Qa7 23.Qa4 Rb8 24.Nd4 Nxe5 25.Bxe4 fxe4 26.Nb5 Qc5 27.Qxe4 Rxb5 28.a4 Rb2
29.Qxe5 Qxe5 30.Rxe5 Rfxf2 31.Rxd7 Rg2+ 32.Kf1 Rxh2 33.Kg1 Rbg2+ 34.Kf1 Ra2
35.Kg1 Rhb2 36.Rd1 Rxa4 37.Rxe6 Ra3  0-1

[Event "Viking op"]
[Site "Aaland-Stockholm"]
[Date "1997.??.??"]
[Round "?"]
[White "Westerinen, Heikki MJ"]
[Black "Ptacnikova, Lenka"]
[Result "1-0"]
[WhiteElo "2410"]
[BlackElo "2295"]

1.e4 c5 2.c3 Nf6 3.e5 Nd5 4.d4 cxd4 5.Nf3 Nc6 6.Bc4 Nb6 7.Bb3 d6 8.exd6 Qxd6
9.O-O Be6 10.Bxe6 Qxe6 11.Nxd4 Nxd4 12.Qxd4 Rd8 13.Qb4 Qc4 14.Qa5 Qa4 15.Qxa4+ Nxa4
16.b3 Nc5 17.Be3 b6 18.Bxc5 bxc5 19.Na3 a6 20.Rfe1 g6 21.Re4 Bg7 22.Rc4 Rd5
23.Nc2 Rd3 24.Rxc5 Rxc3 25.Rxc3 Bxc3 26.Rd1 O-O 27.Ne3 Bb4 28.Kf1 Rc8 29.Nc4 Bd6
30.Nxd6 exd6 31.Rxd6 Rc1+ 32.Ke2 Rc2+ 33.Rd2 Rc3 34.Rd8+ Kg7 35.Kd2 Rc6 36.a4 h5
37.a5 Kf6 38.b4 Ke5 39.Kd3 Rc7 40.Rb8 Rc6 41.b5 Rc5 42.b6 Kf6 43.Ra8  1-0

[Event "Viking op"]
[Site "Aaland-Stockholm"]
[Date "1997.??.??"]
[Round "?"]
[White "Sveshnikov, Evgeny"]
[Black "Rytshagov, Mikhail"]
[Result "1/2-1/2"]
[WhiteElo "2570"]
[BlackElo "2525"]

1.e4 c5 2.c3 Nf6 3.e5 Nd5 4.Nf3 Nc6 5.Bc4 Nb6 6.Bb3 d5 7.exd6 c4 8.Bc2 Qxd6
9.b3 g6 10.Na3 cxb3 11.axb3 Bg7 12.O-O O-O 13.d4 Bg4 14.Be4 Rad8 15.h3 Be6
16.Re1 Bd5 17.Bg5 Bxe4 18.Rxe4 Rd7 19.Qe2 Nd5 20.Nb5 Qb8 21.c4 Nf6 22.Rh4 Ne8
23.Re1 a6 24.d5 axb5 25.dxc6 bxc6 26.Bxe7 Rxe7 27.Qxe7 Bf6 28.Qe4 Nd6 29.Qxc6 Bxh4
30.Nxh4 Rc8 31.Qd5 bxc4 32.bxc4 Nxc4 33.Nf3 Qd6 34.Qg5 Kg7  1/2-1/2

[Event "Skolernes Skakklub"]
[Site "Aarhus"]
[Date "1997.??.??"]
[Round "4"]
[White "Rozentalis, Eduardas"]
[Black "Hellers, Ferdinand"]
[Result "1/2-1/2"]
[WhiteElo "2650"]
[BlackElo "2585"]

1.e4 c5 2.c3 Nf6 3.e5 Nd5 4.Nf3 Nc6 5.Bc4 Nb6 6.Bb3 c4 7.Bc2 Qc7 8.Qe2 g5
9.e6 dxe6 10.Nxg5 Qe5 11.d4 cxd3 12.Bxd3 Qxe2+ 13.Bxe2 h6 14.Ne4 e5 15.Na3 Bf5
16.Bf3 O-O-O 17.Nc2 e6 18.Bd2 Bg6 19.O-O-O f5 20.Ng3 e4 21.Be2 Nd5 22.f3 exf3
23.gxf3 h5 24.Bg5 Bh6 25.Bxh6 Rxh6 26.Bc4 Nf4 27.Rde1 Bf7 28.Ne2 Nxe2+ 29.Rxe2 Rf6
30.Bb5 e5 31.Rhe1 Bd5 32.Bxc6 Bxc6 33.Rxe5 Bxf3 34.Nd4 Bg4 35.Ne6 Re8 36.Nf4 Rxe5
37.Rxe5 Kd7 38.Kd2 Bf3 39.Ke3 Be4 40.h4 Ra6 41.a3 Rb6 42.b4 Rd6 43.Ke2 b6
44.c4 Rc6 45.c5 bxc5 46.Rxc5 Rxc5 47.bxc5 Kc6 48.Nxh5 Kxc5 49.Nf6 Bb1 50.h5 Kd6
51.h6 f4 52.Kd2 f3 53.Ke3 Ke6  1/2-1/2

[Event "Ankara"]
[Site "Ankara"]
[Date "1997.??.??"]
[Round "2"]
[White "Karpatchev, Aleksandr"]
[Black "Soylu, Suat"]
[Result "1-0"]
[WhiteElo "2390"]
[BlackElo "2395"]

1.e4 c5 2.c3 Nf6 3.e5 Nd5 4.Nf3 Nc6 5.d4 cxd4 6.Bc4 Nb6 7.Bb3 g6 8.Ng5 d5
9.exd6 e6 10.Qf3 Ne5 11.Qe2 Bg7 12.f4 Nc6 13.f5 gxf5 14.Bxe6 fxe6 15.Qh5+ Kd7
16.Qf7+ Kxd6 17.Qxg7 Rf8 18.b3 Kd5 19.Ba3 Rg8 20.c4+ Nxc4 21.Nc3+ dxc3 22.O-O-O+ Nd2
23.Qxc3 Qxg5 24.Rhe1  1-0

[Event "BEL-chT 9798"]
[Site "Antwerp"]
[Date "1997.??.??"]
[Round "2"]
[White "Van de Plassche, Bas"]
[Black "Plomp, Erwin C"]
[Result "1-0"]
[WhiteElo "2335"]
[BlackElo "2200"]

1.e4 c5 2.c3 Nf6 3.e5 Nd5 4.d4 cxd4 5.cxd4 d6 6.Nf3 Nc6 7.Be2 e6 8.O-O dxe5
9.dxe5 Qc7 10.Qa4 Bd7 11.Qe4 Qb6 12.Nc3 Ncb4 13.Bd2 Bc6 14.Qg4 h5 15.Qh4 Be7
16.Bg5 f6 17.exf6 gxf6 18.Bd2 O-O-O 19.a3 Na6 20.Nd4 Rhg8 21.Nxc6 Qxc6 22.Bf3 Kb8
23.Nxd5 exd5 24.b4 Nc7 25.Rac1 Qa4 26.Bf4 Bd6 27.Qxf6 Rgf8 28.Qxd6 Rxd6 29.Bxd6 Rf7
30.Rxc7 Rxc7 31.Rc1 a5 32.Rxc7 axb4 33.Rc1+ Ka7 34.Bxb4 Qd7 35.Bxh5 d4 36.Rd1 Qd5
37.Bf3 Qc4 38.h4 d3 39.h5  1-0

[Event "BEL-chT 9798"]
[Site "Antwerp"]
[Date "1997.??.??"]
[Round "2"]
[White "De Wit, Michel"]
[Black "Hautot, Stephane"]
[Result "1-0"]
[WhiteElo "2305"]
[BlackElo "2055"]

1.e4 c5 2.c3 Nf6 3.e5 Nd5 4.Nf3 Nc6 5.d4 cxd4 6.Bc4 Nb6 7.Bb3 d5 8.exd6 Qxd6
9.O-O Be6 10.Bxe6 Qxe6 11.Nxd4 Nxd4 12.Qxd4 Rd8 13.Qh4 Qe2 14.Be3 Nc4 15.Na3 Nxa3
16.bxa3 e6 17.Qa4+ b5 18.Qxa7 Bd6 19.Bb6 Qe5 20.g3 Rc8 21.Bd4 Qd5 22.Bxg7 Rg8
23.Rad1 Qc5 24.Qxc5 Bxc5 25.Be5 Bxa3 26.Rb1 Rc5 27.f4 Rd5 28.Rb3 Be7 29.a3 f6
30.Bd4 Kd7 31.Rfb1 Kc6 32.Re1 Kd7 33.a4 b4 34.Bf2 bxc3 35.Rb7+ Ke8 36.Rxe6 Rd7
37.Rb1 Kf7 38.Rc6 Rd3 39.Rb7 Rgd8 40.Rbc7 Rd1+ 41.Kg2 R8d2 42.Rxc3 Ra1 43.Re3 Raa2
44.Rcxe7+ Kf8 45.Kf3 Rxf2+ 46.Kg4 Rxh2 47.Ra7 Rh6 48.Rc3 Re2 49.Rc8+ Re8
50.Rxe8+ Kxe8 51.Kf5 Kd8 52.a5 Kc8 53.g4 Rh4 54.Rg7 h5 55.a6 Kb8 56.gxh5 Rxh5+
57.Kxf6 Ra5 58.Rd7 Rxa6+ 59.Kg7 Kc8 60.Rd4 Ra5 61.Kf6 Ra6+ 62.Ke7 Ra5 63.Ke6 Ra1
64.f5 Re1+ 65.Kf7 Kc7 66.f6 Rf1 67.Ke6 Rf2 68.Ke5 Re2+ 69.Kf5 Rf2+ 70.Rf4 Rxf4+  1-0